000 00285nam a2200109Ia 4500
008 190216s9999||||xx |||||||||||||| ||und||
100 _aSree Krishna Alana Halli
245 0 _aBujangayyande Dashavadarangal
260 _bMathrubhumi Printing &publishing
650 _aNovel
942 _cBK
999 _c26591
_d26591